000 01674nam a2200349 c 4500
003 BLK
005 20210909141202.0
008 180412b bul|||||r ||||||| ||bul||
010 _aKNG00012399000
020 _a954-427-226-7
_bиздат.: Абагар
040 _aBLK
041 _aBUL
_cBUL
080 _aНемски език (високонемски, стандартен писмен)
_b811.112.2
_x-56(072)
_z811.112.2-56(072)
100 1 _aВелев, Любомир Антимов
_eпърви автор
_9246426
139 _aВелев, Любомир А.
_bВ 38
245 1 0 _aПреподаване на немски език
_bЗа работата върху някои синтактични структури при преподаване и усвояване на немски език в българското средно училище: Върху примери от топологичните отношения
_cЛюбомир Антимов Велев.
257 _aBGR
260 В. Търново
_bАбагар
_c1996
300 _a280 с.
_bс табл., сх., диагр.
_c20 см
380 _a80
500 _aДеп. списък: 17 ; 1 000 тир
650 4 _aНемски език - граматика - методика на преподаването
_9255949
653 _aнемски език
653 _aметодика на преподаването
653 _aграматика
653 _aсинтаксис
852 _aЦб 188975
856 4 _qpdf
_u
856 4 _qpdf
_u
942 _cKNG
_n0
_01
944 _aCR
_c15.01.2003
_kТеодора_Стоянова
944 _aED
_c07.08.2015
_kТеодора_Стоянова
999 _c10885
_d10885